000 02186nam0a2200373 4500
001 RU\NLR\bibl\338730
005 20250621150756.0
010 _a5-88871-179-9
_9130
020 _aRU
_b02-6831368313
_9Книжная летопись
021 _aRU
_b2002-39761
_91937
035 _a(NLR Aleph) 000333617
090 _a172385
_c172385
100 _a20021104d2001 |||y0rusy50 ca
101 0 _arus
102 _aRU
105 _ay |||||||||
200 1 _aОбеспечение войск горючим, смазочными материалами, техническими средствами СГ. Экологическая опасность ГСМ
_eУчеб. пособие по спец. "Технология и хранение горючего и смазоч. материалов" вузов региона
_fЕ. А. Мишин, А. Г. Ульянов
_gГос. ком. Рос. Федерации по рыболовству, Дальневост. гос. техн. рыбохоз. ун-т
210 _aВладивосток
_cДальрыбвтуз
_d2001
215 _a134 с.
_d21
601 0 1 _aРоссийская Федерация
_bЦентральное управление ракетного топлива и горючего
_jУчебные издания для высших учебных заведений
_92417030
_3RU\NLR\auth\661439686
606 0 _aСлужба горючего и смазочных материалов
_jРуководства, пособия и т.п. для высшей школы
_yРоссийская Федерация
_92181401
_3RU\NLR\auth\661311785
610 0 _aВоинские части - Горюче-смазочное хозяйство
675 _a662.75:658.7:504(075.8)
_v3
_zrus
686 _a61
_2rugasnti
686 _a35.63я73
_2rubbk
686 _aЦ7,6(2Р)42я73-1
700 1 _aМишин
_bЕ. А.
_gЕвгений Александрович
_4070
701 1 _aУльянов
_bА. Г.
_gАлександр Геннадьевич
_4070
801 0 _aRU
_bRKP
_c20021104
_gPSBO
801 1 _aRU
_bRKP
_c20021104
801 2 _aRU
_bNLR
_c20060323
_grcr
942 _cBOOK
980 _aNB